Normal view
MARC view
- S,MCCOMB
Entry Personal Name
001 - CONTROL NUMBER
- control field: 108959
003 - CONTROL NUMBER IDENTIFIER
- control field: NUST
005 - DATE AND TIME OF LATEST TRANSACTION
- control field: 20230213110229.0
008 - FIXED-LENGTH DATA ELEMENTS
- fixed length control field: 230213|| aca||aabn | a|a d
040 ## - CATALOGING SOURCE
- Original cataloging agency: NUST
- Transcribing agency: NUST
100 ## - HEADING--PERSONAL NAME
- Personal name: S,MCCOMB
670 ## - SOURCE DATA FOUND
- Source citation: Work cat.: (NUST): S,MCCOMB., COMPUTIONAL METHODS TO EXAMINE TEAM COMMUNICATION /, 2020.
